000
00353nam a2200169Ia 4500
003
0STCL
008
150530s9999 xx 000 0 und d
040
_a
STCL
_c
STCL
100
_a
Thimothy Green
245
_a
World of gold
250
_a
First
260
_c
1968
546
_a
English
942
_2
ddc
_c
BK
999
_c
10560
_d
10560
005
20220125165549.0